00632nam a2200181 i 450000100060000000300090000600500170001500700030003200800410003510000250007624501430010126000520024430000310029650000380032770000290036570000240039485200320041860717ES-MaACL20230906164306.0t|031106s1982 sp ||||1| spa d1 aEspinosa, Manuel de.10aOración panegírica de San Jorge martyr que... predicó... / cManuel de Espinosa ; [edición de Guillermo Fatas, Guillermo Redondo]. a[Zaragoza : bAyuntamiento de Zaragoza, c1982] a44 p., 9 lám. ; c22 cm. aZaragoza, Francisco Moreno, 1779.0 aFatas Cabeza, Guillermo.1 aRedondo, Guillermo. aES-MaACLjL-2617 bR.103244